[Event "Helsingor Xtracon op"]
[Site "Helsingor"]
[Date "2017.07.30"]
[Round "10"]
[White "Sorensen, Torben Kyhl"]
[Black "Meurman, Arne"]
[Result "1-0"]
[WhiteElo "2155"]
[BlackElo "1980"]
[PlyCount "71"]
[EventDate "2017.07.22"]
[EventType "swiss"]
[EventRounds "10"]
[EventCountry "DEN"]
[SourceTitle "CBM 179 Extra"]
[Source "ChessBase"]
[SourceDate "2017.08.23"]
[SourceVersion "1"]
[SourceVersionDate "2017.08.23"]
[SourceQuality "1"]

1. e4 c5 2. d4 cxd4 3. c3 d3 4. Bxd3 Nc6 5. Nf3 d6 6. c4 Nf6 7. Nc3 g6 8. 0-0 Bg7 9. h3 0-0 10. a3 Bd7 11. Bd2 Qc8 12. Rc1 Nh5 13. Be2 f5 14. Nh4 Nf6 15. exf5 gxf5 16. Bg5 Be6 17. Nd5 Qd7 18. Nxf6+ Bxf6 19. Bxf6 Rxf6 20. f4 Qd8 21. Kh1 Qb6 22. b4 a5 23. Nf3 axb4 24. axb4 Qxb4 25. Rb1 Qc5 26. Rb5 Qe3 27. Rxb7 Ra2 28. Rc7 Qb6 29. Qb1 Rb2 30. Qa1 Nd8 31. Rxe7 Rf8 32. Ng5 Bf7 33. c5 dxc5 34. Nxf7 Nxf7 35. Bc4 Qd6 36. Rxf7 1-0

[Event "Helsingor Xtracon op"]
[Site "Helsingor"]
[Date "2017.07.28"]
[Round "8"]
[White "Sorensen, Torben Kyhl"]
[Black "Wiberg, Jonas"]
[Result "1-0"]
[WhiteElo "2155"]
[BlackElo "1773"]
[PlyCount "43"]
[EventDate "2017.07.22"]
[EventType "swiss"]
[EventRounds "10"]
[EventCountry "DEN"]
[SourceTitle "CBM 179 Extra"]
[Source "ChessBase"]
[SourceDate "2017.08.23"]
[SourceVersion "1"]
[SourceVersionDate "2017.08.23"]
[SourceQuality "1"]

1. e4 c6 2. d4 d5 3. e5 Bf5 4. Nf3 e6 5. Be2 h6 6. 0-0 c5 7. c4 Nc6 8. cxd5 Qxd5 9. Nc3 Qd7 10. Be3 cxd4 11. Nxd4 Nge7 12. Bb5 0-0-0 13. Qa4 Qc7 14. Rac1 Kb8 15. Nce2 Be4 16. Nxc6+ Bxc6 17. Bxa7+ Kc8 18. Nd4 Rd5 19. Bxc6 bxc6 20. Nxc6 Kb7 21. Qb3+ Ka8 22. Nxe7 1-0

[Event "Helsingor Xtracon op"]
[Site "Helsingor"]
[Date "2017.07.27"]
[Round "7"]
[White "Nielsen, Aage Sondergaard"]
[Black "Sorensen, Torben Kyhl"]
[Result "1-0"]
[WhiteElo "1861"]
[BlackElo "2155"]
[PlyCount "79"]
[EventDate "2017.07.22"]
[EventType "swiss"]
[EventRounds "10"]
[EventCountry "DEN"]
[SourceTitle "CBM 179 Extra"]
[Source "ChessBase"]
[SourceDate "2017.08.23"]
[SourceVersion "1"]
[SourceVersionDate "2017.08.23"]
[SourceQuality "1"]

1. e4 g6 2. d4 Bg7 3. Nc3 c5 4. Nf3 cxd4 5. Nxd4 Nc6 6. Nxc6 bxc6 7. Bc4 d6 8. 0-0 Bd7 9. Be3 Nf6 10. f3 0-0 11. Qd2 Qc7 12. Bh6 Rab8 13. Bxg7 Kxg7 14. Rab1 Be6 15. Bb3 Bxb3 16. axb3 e6 17. Ra1 d5 18. Ra4 Qb6+ 19. Kh1 Rfd8 20. e5 Nd7 21. Rh4 Rh8 22. Qh6+ Kg8 23. f4 Qe3 24. g4 Qd2 25. Rg1 Rb4 26. Rf1 a5 27. Rh3 Qxc2 28. Rhf3 f5 29. R1f2 Qc1+ 30. Rf1 Qxb2 31. gxf5 exf5 32. Qg5 Kf7 33. e6+ Kxe6 34. Re3+ Kd6 35. Qe7+ Kc7 36. Qg7 Qd2 37. Re2 Qd4 38. Nb5+ cxb5 39. Rc1+ Kd8 40. Qe7# 1-0

[Event "Helsingor Xtracon op"]
[Site "Helsingor"]
[Date "2017.07.23"]
[Round "3"]
[White "Sorensen, Torben Kyhl"]
[Black "Mansoor, Afras"]
[Result "1-0"]
[WhiteElo "2155"]
[BlackElo "1917"]
[PlyCount "153"]
[EventDate "2017.07.22"]
[EventType "swiss"]
[EventRounds "10"]
[EventCountry "DEN"]
[SourceTitle "CBM 179 Extra"]
[Source "ChessBase"]
[SourceDate "2017.08.23"]
[SourceVersion "1"]
[SourceVersionDate "2017.08.23"]
[SourceQuality "1"]

1. e4 e5 2. Nf3 Nc6 3. Bb5 a6 4. Ba4 Nf6 5. 0-0 b5 6. Bb3 Be7 7. d3 0-0 8. c3 d5 9. Nbd2 Bg4 10. h3 Be6 11. Qe2 Bd6 12. Ng5 Qd7 13. Nxe6 fxe6 14. a3 Kh8 15. Nf3 Rae8 16. Bg5 Qf7 17. Nh4 Nh5 18. exd5 exd5 19. Bxd5 Qxd5 20. Qxh5 Kg8 21. Rad1 e4 22. dxe4 Qe5 23. Rfe1 h6 24. Nf3 Rxf3 25. Qxf3 hxg5 26. Qf5 Qh2+ 27. Kf1 Qh1+ 28. Ke2 Qxg2 29. Kd3 Ne5+ 30. Kc2 Rf8 31. Qe6+ Kh8 32. Re2 Nc4 33. Kb1 Rxf2 34. Qe8+ Bf8 35. Qxf8+ Rxf8 36. Rxg2 Ne3 37. Rdg1 Nxg2 38. Rxg2 Rf3 39. Rxg5 Rxh3 40. Rc5 Re3 41. Rxc7 Rxe4 42. Rc6 a5 43. Rc5 b4 44. Rb5 Kg8 45. axb4 axb4 46. cxb4 Kf7 47. Ka2 Kf6 48. Ka3 g5 49. Rb8 Ke7 50. Rc8 g4 51. Rc3 Rf4 52. b3 Rf5 53. Rc7+ Kf6 54. Rc2 Ke6 55. Ka4 Kd6 56. b5 Rc5 57. Rg2 Rg5 58. Ka5 Kc7 59. Ka6 Kb8 60. Rg3 Rg6+ 61. b6 Rg5 62. b4 Rg6 63. b5 Rg7 64. Re3 Rg8 65. Re7 g3 66. Rb7+ Ka8 67. Ra7+ Kb8 68. b7 Kc7 69. b6+ Kc6 70. Ra8 Rg4 71. Rc8+ Kd7 72. b8Q g2 73. Rd8+ Ke7 74. Qd6+ Kf7 75. Rf8+ Kg7 76. Qf6+ Kh7 77. Rh8# 1-0

[Event "Helsingor Xtracon op"]
[Site "Helsingor"]
[Date "2017.07.23"]
[Round "2"]
[White "Vitiugov, Nikita"]
[Black "Sorensen, Torben Kyhl"]
[Result "1-0"]
[WhiteElo "2724"]
[BlackElo "2155"]
[PlyCount "57"]
[EventDate "2017.07.22"]
[EventType "swiss"]
[EventRounds "10"]
[EventCountry "DEN"]
[SourceTitle "CBM 179 Extra"]
[Source "ChessBase"]
[SourceDate "2017.08.23"]
[SourceVersion "1"]
[SourceVersionDate "2017.08.23"]
[SourceQuality "1"]

1. d4 Nf6 2. Bg5 c6 3. Nd2 Qb6 4. Ngf3 Qxb2 5. e4 d6 6. Nc4 Qb4+ 7. c3 Qxc3+ 8. Bd2 Qxa1 9. Qxa1 Nxe4 10. Bf4 d5 11. Bd3 Nf6 12. Nce5 Nh5 13. Bd2 Nd7 14. 0-0 g6 15. Re1 Nxe5 16. dxe5 Ng7 17. e6 Bxe6 18. Rxe6 fxe6 19. Qb2 0-0-0 20. Qa3 Ne8 21. Qxa7 Nc7 22. Bf4 Bg7 23. Ba6 Nxa6 24. Qa8+ Kd7 25. Qxb7+ Ke8 26. Qxc6+ Rd7 27. Qc8+ Rd8 28. Qxa6 Rf8 29. Bc7 1-0

[Event "Helsingor Xtracon op"]
[Site "Helsingor"]
[Date "2017.07.22"]
[Round "1"]
[White "Larsen, Mette Dalsgaard"]
[Black "Sorensen, Torben Kyhl"]
[Result "0-1"]
[WhiteElo "1679"]
[BlackElo "2155"]
[PlyCount "58"]
[EventDate "2017.07.22"]
[EventType "swiss"]
[EventRounds "10"]
[EventCountry "DEN"]
[SourceTitle "CBM 179 Extra"]
[Source "ChessBase"]
[SourceDate "2017.08.23"]
[SourceVersion "1"]
[SourceVersionDate "2017.08.23"]
[SourceQuality "1"]

1. d4 Nf6 2. c4 g6 3. Nf3 Bg7 4. e3 0-0 5. Nc3 d6 6. Be2 Nbd7 7. 0-0 c6 8. Qc2 e5 9. d5 Qc7 10. Rd1 a5 11. e4 Nc5 12. Be3 Ne8 13. Na4 Nxa4 14. Qxa4 f5 15. c5 cxd5 16. cxd6 Nxd6 17. Rxd5 Nxe4 18. Rc1 Qe7 19. Bc5 Nxc5 20. Rdxc5 e4 21. Rc7 Qf6 22. Qc4+ Be6 23. Rxg7+ Kxg7 24. Qb5 exf3 25. Bxf3 Rac8 26. Re1 Qd4 27. h3 Bf7 28. Rd1 Qf4 29. Qxb7 Rc1 0-1

[Event "Fredericia Cand"]
[Site "Fredericia"]
[Date "2017.05.27"]
[Round "7"]
[White "Sorensen, Torben Kyhl"]
[Black "Bjerre, Tavs"]
[Result "1/2-1/2"]
[WhiteElo "2124"]
[BlackElo "2072"]
[PlyCount "50"]
[EventDate "2017.05.26"]
[EventType "swiss"]
[EventRounds "9"]
[EventCountry "DEN"]
[SourceTitle "CBM 178 Extra"]
[Source "ChessBase"]
[SourceDate "2017.06.22"]
[SourceVersion "1"]
[SourceVersionDate "2017.06.22"]
[SourceQuality "1"]

1. e4 c5 2. c3 Nf6 3. e5 Nd5 4. Nf3 e6 5. d4 cxd4 6. cxd4 d6 7. Bc4 Nc6 8. 0-0 Be7 9. Qe2 0-0 10. Nc3 Nxc3 11. bxc3 dxe5 12. dxe5 Qa5 13. Bd2 Rd8 14. Rfe1 b6 15. Bb3 Bb7 16. Qe4 Rd7 17. Qg4 Rad8 18. Bh6 Bf8 19. Bg5 Ne7 20. Rac1 Bd5 21. Nd4 Rc8 22. c4 Rdc7 23. Bd2 Qxd2 24. Rcd1 Qh6 25. cxd5 Nxd5 1/2-1/2

[Event "Aarhus-chB"]
[Site "Aarhus"]
[Date "2017.02.19"]
[Round "5"]
[White "Vangsgaard, Freja"]
[Black "Sorensen, Torben Kyhl"]
[Result "0-1"]
[WhiteElo "2084"]
[BlackElo "2152"]
[PlyCount "90"]
[EventDate "2017.02.17"]
[EventType "tourn"]
[EventRounds "5"]
[EventCountry "DEN"]
[SourceTitle "EXT 2018"]
[Source "ChessBase"]
[SourceDate "2017.10.13"]
[SourceVersion "1"]
[SourceVersionDate "2017.10.13"]
[SourceQuality "1"]

1. d4 Nf6 2. c4 g6 3. Nc3 Bg7 4. Nf3 d6 5. Bg5 0-0 6. e3 Nbd7 7. Be2 c6 8. 0-0 Qc7 9. b4 h6 10. Bh4 g5 11. Bg3 Nh5 12. Nd2 Nxg3 13. hxg3 f5 14. Qc2 e5 15. dxe5 Nxe5 16. Rad1 Be6 17. Ncb1 a5 18. a3 axb4 19. axb4 Qb6 20. b5 cxb5 21. Nc3 bxc4 22. Nf3 Qc5 23. Rb1 Ra3 24. Nd4 Bf7 25. Rxb7 Nc6 26. Ncb5 Bxd4 27. Nxa3 Qxa3 28. exd4 Nxd4 29. Qd2 Nxe2+ 30. Qxe2 d5 31. Qe5 Qa6 32. Rfb1 Qe6 33. Qc3 Re8 34. Qa5 d4 35. Kh2 Qg6 36. R7b6 Qh5+ 37. Kg1 d3 38. Rd6 Qe2 39. Qxf5 d2 40. Kh2 Qh5+ 41. Qh3 c3 42. Rf1 Qxh3+ 43. gxh3 Re1 44. Kg2 Rxf1 45. Kxf1 c2 0-1

[Event "Aarhus-chB"]
[Site "Aarhus"]
[Date "2017.02.17"]
[Round "1"]
[White "Jensen, Jacob Bjerre"]
[Black "Sorensen, Torben Kyhl"]
[Result "1-0"]
[WhiteElo "2116"]
[BlackElo "2152"]
[PlyCount "47"]
[EventDate "2017.02.17"]
[EventType "tourn"]
[EventRounds "5"]
[EventCountry "DEN"]
[SourceTitle "EXT 2018"]
[Source "ChessBase"]
[SourceDate "2017.10.13"]
[SourceVersion "1"]
[SourceVersionDate "2017.10.13"]
[SourceQuality "1"]

1. d4 Nf6 2. c4 g6 3. Nc3 d5 4. cxd5 Nxd5 5. e4 Nxc3 6. bxc3 Bg7 7. Bc4 c5 8. Ne2 0-0 9. 0-0 cxd4 10. cxd4 Nc6 11. Be3 Bg4 12. f3 Na5 13. Bd3 Be6 14. d5 Bxa1 15. Qxa1 f6 16. Bh6 Re8 17. Kh1 a6 18. Nf4 Bf7 19. e5 e6 20. dxe6 Bxe6 21. exf6 Bf7 22. Be4 Qd6 23. Nd5 Rad8 24. Ne7+ 1-0

[Event "Fredericia cand"]
[Site "Fredericia"]
[Date "2016.05.08"]
[Round "4"]
[White "Schuette, Andreas"]
[Black "Sorensen, Torben Kyhl"]
[Result "1/2-1/2"]
[WhiteElo "2170"]
[BlackElo "2176"]
[PlyCount "121"]
[EventDate "2016.05.06"]
[EventType "swiss"]
[EventRounds "5"]
[EventCountry "DEN"]
[SourceTitle "EXT 2018"]
[Source "ChessBase"]
[SourceDate "2017.10.13"]
[SourceVersion "1"]
[SourceVersionDate "2017.10.13"]
[SourceQuality "1"]

1. d4 Nf6 2. Bg5 d5 3. e3 Nbd7 4. Nf3 g6 5. c4 Bg7 6. Nc3 c5 7. cxd5 Qa5 8. Qd2 0-0 9. Be2 cxd4 10. Nxd4 Nxd5 11. Nb3 Qxc3 12. bxc3 Bxc3 13. Qxc3 Nxc3 14. Bxe7 Re8 15. Bb4 Nxe2 16. Kxe2 b6 17. f3 Ne5 18. Bd2 Ba6+ 19. Kf2 Rac8 20. Nd4 Nd3+ 21. Kg3 f5 22. a4 f4+ 23. exf4 Rc4 24. Nb3 Rc2 25. Rhd1 Re2 26. Nd4 Rcxd2 27. Nxe2 Rxe2 28. a5 Bc4 29. axb6 axb6 30. Ra3 Re3 31. Ra7 b5 32. Rc7 Kf8 33. Ra1 Re7 34. Rc6 Rf7 35. Rd6 Nxf4 36. Kf2 Re7 37. Rf6+ Rf7 38. Rd6 g5 39. g3 Nd3+ 40. Ke3 Re7+ 41. Kd2 Ne5 42. Rf6+ Rf7 43. Rxf7+ Kxf7 44. Ke3 Ke6 45. Ra7 h5 46. f4 Ng4+ 47. Ke4 gxf4 48. gxf4 Nxh2 49. Ra6+ Kd7 50. Rh6 Nf1 51. Ke5 b4 52. Rd6+ Ke7 53. f5 b3 54. Rb6 Ne3 55. Kd4 Nd5 56. Rb7+ Kf6 57. Kxc4 Ne3+ 58. Kd3 Nxf5 59. Rxb3 Kg5 60. Rb5 Kf4 61. Rxf5+ 1/2-1/2

[Event "Fredericia cand"]
[Site "Fredericia"]
[Date "2016.05.06"]
[Round "1"]
[White "Jensen, Thore Nyboe"]
[Black "Sorensen, Torben Kyhl"]
[Result "1/2-1/2"]
[WhiteElo "2058"]
[BlackElo "2176"]
[PlyCount "127"]
[EventDate "2016.05.06"]
[EventType "swiss"]
[EventRounds "5"]
[EventCountry "DEN"]
[SourceTitle "EXT 2018"]
[Source "ChessBase"]
[SourceDate "2017.10.13"]
[SourceVersion "1"]
[SourceVersionDate "2017.10.13"]
[SourceQuality "1"]

1. e4 c5 2. c3 d5 3. exd5 Qxd5 4. d4 cxd4 5. cxd4 Nc6 6. Nf3 Bg4 7. Be2 e6 8. 0-0 Nf6 9. Bf4 Be7 10. Nc3 Qf5 11. Bg3 0-0 12. h3 Bh5 13. Ne5 Bxe2 14. Nxc6 bxc6 15. Qxe2 c5 16. Rfd1 cxd4 17. Rxd4 Bc5 18. Rc4 Rac8 19. b3 Bb6 20. Na4 Nh5 21. Bd6 Rxc4 22. bxc4 Rc8 23. Nxb6 axb6 24. Rc1 Nf6 25. Qe3 Nd7 26. Bb4 h6 27. Qd4 e5 28. Qd6 e4 29. Bd2 Ra8 30. g4 Qe6 31. Qxe6 fxe6 32. Rc2 Rc8 33. Be3 Kf7 34. Kg2 Ke7 35. Kg3 e5 36. h4 Kd6 37. h5 Kc6 38. Kh4 Nc5 39. g5 hxg5+ 40. Kxg5 Rf8 41. Bxc5 Kxc5 42. Kg6 Rh8 43. Rd2 Kxc4 44. Rd7 Rh6+ 45. Kf5 e3 46. fxe3 Rxh5+ 47. Ke4 Rg5 48. Rc7+ Kb4 49. Kd5 Rg2 50. Ra7 g5 51. Kxe5 b5 52. e4 g4 53. Kf4 g3 54. Rg7 Rxa2 55. Kxg3 Kc4 56. Kf4 b4 57. Rc7+ Kd4 58. Rd7+ Kc5 59. Rb7 Rf2+ 60. Kg5 Kc4 61. e5 b3 62. e6 b2 63. e7 Re2 64. Rd7 1/2-1/2

[Event "Horsens Lang Weekend op"]
[Site "Horsens"]
[Date "2013.07.21"]
[Round "7"]
[White "Thuesen, Mogens Henrik"]
[Black "Sorensen, Torben Kyhl"]
[Result "1/2-1/2"]
[WhiteElo "2267"]
[BlackElo "2207"]
[PlyCount "70"]
[EventDate "2013.07.18"]
[EventType "swiss"]
[EventRounds "7"]
[EventCountry "DEN"]
[SourceTitle "CBM 155 Extra"]
[Source "ChessBase"]
[SourceDate "2013.08.26"]
[SourceVersion "1"]
[SourceVersionDate "2013.08.26"]
[SourceQuality "1"]

1. e4 c5 2. Nc3 Nc6 3. Bb5 g6 4. Bxc6 dxc6 5. Nge2 Bg7 6. d3 e5 7. 0-0 Ne7 8. Be3 b6 9. Qd2 0-0 10. Bh6 f5 11. Bxg7 Kxg7 12. f4 Qd6 13. Rae1 Be6 14. Kh1 exf4 15. Nxf4 Bf7 16. exf5 gxf5 17. Nh5+ Bxh5 18. Qg5+ Ng6 19. Qxh5 Rae8 20. Re2 Re5 21. Rxe5 Qxe5 22. Qf3 Rf6 23. g3 b5 24. Rf2 b4 25. Re2 Qd6 26. Nb1 f4 27. Nd2 fxg3 28. Qxg3 Qd5+ 29. Ne4 c4 30. Kg1 Rf7 31. Nf2 cxd3 32. Nxd3 Qd4+ 33. Qe3 Qg4+ 34. Rg2 Qd1+ 35. Qe1 Qxe1+ 1/2-1/2

[Event "Horsens Lang Weekend op"]
[Site "Horsens"]
[Date "2013.07.20"]
[Round "5"]
[White "Mikkelsen, Nikolaj"]
[Black "Sorensen, Torben Kyhl"]
[Result "1/2-1/2"]
[WhiteElo "2418"]
[BlackElo "2207"]
[PlyCount "94"]
[EventDate "2013.07.18"]
[EventType "swiss"]
[EventRounds "7"]
[EventCountry "DEN"]
[SourceTitle "CBM 155 Extra"]
[Source "ChessBase"]
[SourceDate "2013.08.26"]
[SourceVersion "1"]
[SourceVersionDate "2013.08.26"]
[SourceQuality "1"]

1. e4 c5 2. Nf3 Nc6 3. Nc3 g6 4. d4 cxd4 5. Nxd4 Bg7 6. Nb3 d6 7. Be2 f5 8. exf5 Bxf5 9. 0-0 Nf6 10. Be3 Be6 11. f4 Qd7 12. Kh1 0-0 13. Qe1 Rad8 14. Rd1 Qc8 15. Bf3 Bg4 16. Nd4 Bxf3 17. Rxf3 e5 18. Nxc6 Qxc6 19. fxe5 dxe5 20. Rxd8 Rxd8 21. Bg5 e4 22. Re3 h6 23. Bxf6 Bxf6 24. Nxe4 Bxb2 25. c3 Ba3 26. Nd2 Qd5 27. Nf3 Qd1 28. Re8+ Bf8 29. Rxd8 Qxd8 30. h4 Qd5 31. Qb1 Bg7 32. Qxg6 Qxa2 33. Qe8+ Kh7 34. Qe4+ Kh8 35. c4 Qa1+ 36. Kh2 b6 37. g4 Qf6 38. g5 hxg5 39. hxg5 Qd6+ 40. Kg2 a5 41. g6 Qf6 42. Qg4 Bh6 43. Kh3 Qf4 44. Qc8+ Qf8 45. Qg4 Qf4 46. Qc8+ Qf8 47. Qg4 Qf4 1/2-1/2

[Event "Horsens Lang Weekend op"]
[Site "Horsens"]
[Date "2013.07.18"]
[Round "2"]
[White "Sorensen, Torben Kyhl"]
[Black "Ochsner, Bjorn Moller"]
[Result "0-1"]
[WhiteElo "2207"]
[BlackElo "2343"]
[PlyCount "103"]
[EventDate "2013.07.18"]
[EventType "swiss"]
[EventRounds "7"]
[EventCountry "DEN"]
[SourceTitle "CBM 155 Extra"]
[Source "ChessBase"]
[SourceDate "2013.08.26"]
[SourceVersion "1"]
[SourceVersionDate "2013.08.26"]
[SourceQuality "1"]

1. e4 c5 2. c3 Nf6 3. e5 Nd5 4. d4 cxd4 5. Nf3 e6 6. Bc4 Nc6 7. 0-0 d6 8. cxd4 Be7 9. Qe2 0-0 10. Nc3 Nxc3 11. bxc3 dxe5 12. dxe5 Qa5 13. Bd2 Bd7 14. Bb3 Qc7 15. Qe4 Na5 16. Bc2 g6 17. Nd4 Rfd8 18. Rab1 b6 19. Bd3 Bc6 20. Nxc6 Qxc6 21. Rfd1 Rac8 22. Qxc6 Rxc6 23. Be4 Rc5 24. Bf4 g5 25. Rxd8+ Bxd8 26. Be3 Rxe5 27. Rd1 Be7 28. Rd7 Rxe4 29. Rxe7 Nc4 30. Re8+ Kg7 31. Bd4+ e5 32. f3 Re2 33. Kf1 Rxa2 34. Bxe5+ Nxe5 35. Rxe5 Kf6 36. Rd5 Rc2 37. Rd7 Rxc3 38. Rxa7 Rc2 39. Rb7 Rb2 40. Kg1 Kg6 41. h4 gxh4 42. Kh2 Rb1 43. Kh3 Rh1+ 44. Kg4 h5+ 45. Kf4 Rb1 46. Rb8 Rb4+ 47. Ke5 Rb2 48. g4 h3 49. gxh5+ Kh7 50. Rd8 h2 51. Rd1 Rb5+ 52. Kd4 0-1

[Event "DEN-ch G7-A op"]
[Site "Helsingor"]
[Date "2013.03.31"]
[Round "6"]
[White "Sorensen, Torben Kyhl"]
[Black "Vesterli, Michael"]
[Result "0-1"]
[WhiteElo "2187"]
[BlackElo "2018"]
[PlyCount "90"]
[EventDate "2013.03.26"]
[EventType "swiss"]
[EventRounds "7"]
[EventCountry "DEN"]
[SourceTitle "EXT 2014"]
[Source "ChessBase"]
[SourceDate "2013.11.20"]
[SourceVersion "1"]
[SourceVersionDate "2013.11.20"]
[SourceQuality "1"]

1. e4 c5 2. c3 d5 3. exd5 Qxd5 4. d4 Nf6 5. Nf3 e6 6. Be3 Nc6 7. dxc5 Qxd1+ 8. Kxd1 Ng4 9. b4 Nxe3+ 10. fxe3 a5 11. Bb5 Bd7 12. a3 Be7 13. Bxc6 Bxc6 14. Nd4 Bxg2 15. Rg1 Be4 16. Nd2 Bg6 17. Nc4 axb4 18. cxb4 0-0 19. Kc1 Rfd8 20. Kb2 Bf6 21. Rad1 Bh5 22. Rd2 Bf3 23. Nb6 Rab8 24. Kb3 Be4 25. Rdd1 h6 26. Nb5 Bf3 27. Rdf1 Rd3+ 28. Kc2 Be4 29. Rxf6 Rbd8 30. Kc1 Rb3 31. Nd6 Rb1+ 32. Kd2 Rxg1 33. Rf4 Bc6 34. Kc3 Rc1+ 35. Kb2 Re1 36. b5 Bh1 37. Nbc8 Rxe3 38. Ne7+ Kh7 39. Rxf7 Re5 40. c6 Rxd6 41. c7 Rxb5+ 42. Ka2 Rd2+ 43. Ka1 Be4 44. Rf1 Rbb2 45. c8Q Ra2# 0-1

[Event "DEN-chT 1213"]
[Site "Denmark"]
[Date "2013.03.10"]
[Round "9.8"]
[White "Hagen, Kresten Skytte"]
[Black "Sorensen, Torben Kyhl"]
[Result "1-0"]
[WhiteElo "2186"]
[BlackElo "2179"]
[PlyCount "81"]
[EventDate "2012.10.27"]
[EventType "team-tourn"]
[EventRounds "9"]
[EventCountry "DEN"]
[SourceTitle "EXT 2014"]
[Source "ChessBase"]
[SourceDate "2013.11.20"]
[SourceVersion "1"]
[SourceVersionDate "2013.11.20"]
[SourceQuality "1"]
[WhiteTeam "Aarhus/Skolerne"]
[BlackTeam "Copenhagen 68"]
[WhiteTeamCountry "DEN"]
[BlackTeamCountry "DEN"]

1. Nf3 Nf6 2. c4 g6 3. Nc3 d5 4. cxd5 Nxd5 5. e4 Nxc3 6. dxc3 Qxd1+ 7. Kxd1 e6 8. Be3 Be7 9. Kc2 0-0 10. Be2 Nd7 11. b4 a5 12. a3 Nf6 13. Nd2 e5 14. f3 axb4 15. axb4 Be6 16. Bc4 Bxc4 17. Nxc4 Rxa1 18. Rxa1 b5 19. Nxe5 Bd6 20. Bd4 Nh5 21. Ng4 f6 22. Ra5 Rb8 23. Bxf6 Bxh2 24. Nxh2 Nxf6 25. Ra7 Ne8 26. Ng4 Kf7 27. Ne5+ Ke6 28. Nc6 Rb6 29. Nd4+ Kd7 30. Kd3 Ng7 31. Ra8 Ne6 32. Nxe6 Rxe6 33. Rb8 Kc6 34. Rd8 g5 35. Rd5 g4 36. f4 h6 37. Ke3 Kb6 38. f5 Rc6 39. Rd3 h5 40. Kf4 Rh6 41. e5 1-0

[Event "Aarhus Chess House"]
[Site "Aarhus"]
[Date "2012.07.15"]
[Round "9"]
[White "Semcesen, Daniel"]
[Black "Sorensen, Torben Kyhl"]
[Result "1-0"]
[WhiteElo "2464"]
[BlackElo "2181"]
[PlyCount "79"]
[EventDate "2012.07.07"]
[EventType "tourn"]
[EventRounds "9"]
[EventCountry "DEN"]
[EventCategory "4"]
[SourceTitle "CBM 149 Extra"]
[Source "ChessBase"]
[SourceDate "2012.08.24"]
[SourceVersion "1"]
[SourceVersionDate "2012.08.24"]
[SourceQuality "1"]

1. d4 Nf6 2. c4 g6 3. Nc3 d5 4. Bg5 Ne4 5. Bh4 Nxc3 6. bxc3 Bg7 7. e3 Kf8 8. Nf3 c6 9. Be2 Nd7 10. 0-0 Bf6 11. Bg3 Kg7 12. Qb3 Qb6 13. Qa4 Qd8 14. cxd5 cxd5 15. Qb3 e6 16. c4 dxc4 17. Bxc4 Nb6 18. Bd3 Bd7 19. a4 Bc6 20. a5 Nd7 21. e4 b6 22. Rac1 Bb7 23. a6 Bc8 24. Rfd1 Be7 25. Bc7 Qg8 26. e5 f5 27. Bb5 Nb8 28. Qa4 h5 29. h4 Kh6 30. Rc3 Rh7 31. Rdc1 Bd7 32. Bxd7 Nxd7 33. Qxd7 Ba3 34. Qxh7+ Qxh7 35. Rxa3 Qd7 36. Bd6 Rc8 37. Rac3 Rxc3 38. Rxc3 Qa4 39. Rc7 Qxa6 40. Bf8# 1-0

[Event "Aarhus Chess House"]
[Site "Aarhus"]
[Date "2012.07.11"]
[Round "5"]
[White "Eggleston, David"]
[Black "Sorensen, Torben Kyhl"]
[Result "1-0"]
[WhiteElo "2323"]
[BlackElo "2181"]
[PlyCount "71"]
[EventDate "2012.07.07"]
[EventType "tourn"]
[EventRounds "9"]
[EventCountry "DEN"]
[EventCategory "4"]
[SourceTitle "CBM 149 Extra"]
[Source "ChessBase"]
[SourceDate "2012.08.24"]
[SourceVersion "1"]
[SourceVersionDate "2012.08.24"]
[SourceQuality "1"]

1. e4 d5 2. exd5 Qxd5 3. Nf3 Bg4 4. Be2 Nc6 5. d4 0-0-0 6. Be3 e5 7. c4 Qa5+ 8. Bd2 Bb4 9. d5 Bxf3 10. Bxf3 Nd4 11. Nc3 Qa6 12. b3 Qa5 13. Rc1 f5 14. 0-0 Nf6 15. a3 Qxa3 16. Nb5 Qxb3 17. Bxb4 Qxb4 18. Nxd4 exd4 19. Qxd4 c5 20. Qe5 Ne8 21. Rb1 Qa5 22. Rb5 Qc7 23. d6 Qxd6 24. Qxf5+ Rd7 25. Bg4 b6 26. Qf3 Kb8 27. Bxd7 Qxd7 28. Rxc5 bxc5 29. Rb1+ Kc7 30. Rb7+ Kd8 31. Rxd7+ Kxd7 32. Qd5+ Nd6 33. Qxc5 Rc8 34. Qxa7+ Rc7 35. Qd4 Ke6 36. Qd5+ 1-0

[Event "Aarhus Chess House"]
[Site "Aarhus"]
[Date "2012.07.10"]
[Round "4"]
[White "Sorensen, Torben Kyhl"]
[Black "Hansen, Mads Smith"]
[Result "0-1"]
[WhiteElo "2181"]
[BlackElo "2341"]
[PlyCount "70"]
[EventDate "2012.07.07"]
[EventType "tourn"]
[EventRounds "9"]
[EventCountry "DEN"]
[EventCategory "4"]
[SourceTitle "CBM 149 Extra"]
[Source "ChessBase"]
[SourceDate "2012.08.24"]
[SourceVersion "1"]
[SourceVersionDate "2012.08.24"]
[SourceQuality "1"]

1. e4 c5 2. c3 g6 3. d4 cxd4 4. cxd4 d5 5. exd5 Nf6 6. Nc3 Bg7 7. Bb5+ Nbd7 8. d6 exd6 9. Qe2+ Qe7 10. Qxe7+ Kxe7 11. Nf3 a6 12. Bd3 Nb6 13. 0-0 h6 14. h3 Be6 15. Re1 Rac8 16. Bd2 Kd7 17. b3 Rc6 18. Kf1 Rhc8 19. Nd1 Nfd5 20. a4 f5 21. a5 Na8 22. Bc4 Bg8 23. Nb2 g5 24. Rab1 Rf8 25. b4 Nac7 26. Bd3 Nb5 27. Bxb5 axb5 28. Red1 Rfc8 29. Be1 Ne7 30. Ng1 Rc2 31. Rd2 Rxd2 32. Bxd2 Rc2 33. Bc1 Bxd4 34. Ne2 Bf6 35. Ke1 Nc6 0-1

[Event "Aarhus Chess House"]
[Site "Aarhus"]
[Date "2012.07.09"]
[Round "3"]
[White "Papp, Petra"]
[Black "Sorensen, Torben Kyhl"]
[Result "1/2-1/2"]
[WhiteElo "2303"]
[BlackElo "2181"]
[PlyCount "91"]
[EventDate "2012.07.07"]
[EventType "tourn"]
[EventRounds "9"]
[EventCountry "DEN"]
[EventCategory "4"]
[SourceTitle "CBM 149 Extra"]
[Source "ChessBase"]
[SourceDate "2012.08.24"]
[SourceVersion "1"]
[SourceVersionDate "2012.08.24"]
[SourceQuality "1"]

1. e4 c5 2. Nf3 Nc6 3. d4 cxd4 4. Nxd4 Nf6 5. Nc3 e5 6. Ndb5 d6 7. Bg5 a6 8. Na3 b5 9. Nd5 Be7 10. Bxf6 Bxf6 11. c3 0-0 12. Nc2 Bg5 13. a4 bxa4 14. Rxa4 a5 15. Bc4 Rb8 16. b3 Kh8 17. Nce3 Bxe3 18. Nxe3 Ne7 19. 0-0 Bb7 20. Nd5 Bc6 21. Ra2 Nxd5 22. Bxd5 Qb6 23. Bxc6 Qxc6 24. Qc2 Qb5 25. Rb1 Rfc8 26. g3 h6 27. c4 Rxc4 28. Qxc4 Qxc4 29. bxc4 Rxb1+ 30. Kg2 Rb4 31. Rxa5 Rxc4 32. Rd5 Rxe4 33. Rxd6 h5 34. h4 Kh7 35. Kf3 Re1 36. Ra6 f5 37. Rb6 g6 38. Ra6 Kh6 39. Re6 e4+ 40. Kg2 Re2 41. Kf1 Ra2 42. Rb6 Rd2 43. Rb7 Rd3 44. Rf7 e3 45. fxe3 Rxe3 46. Kf2 1/2-1/2

[Event "DEN-ch cand"]
[Site "Helsingor"]
[Date "2012.04.09"]
[Round "7"]
[White "Jepsen, Thomas Tange"]
[Black "Sorensen, Torben Kyhl"]
[Result "0-1"]
[WhiteElo "2093"]
[BlackElo "2190"]
[PlyCount "28"]
[EventDate "2012.04.03"]
[EventType "swiss"]
[EventRounds "7"]
[EventCountry "DEN"]
[SourceTitle "EXT 2018"]
[Source "ChessBase"]
[SourceDate "2017.10.13"]
[SourceVersion "1"]
[SourceVersionDate "2017.10.13"]
[SourceQuality "1"]

1. d4 Nf6 2. c4 g6 3. Nc3 d5 4. Nf3 Bg7 5. Bf4 0-0 6. e3 c5 7. dxc5 Qa5 8. cxd5 Nxd5 9. Rc1 Nxc3 10. bxc3 Bxc3+ 11. Nd2 Rd8 12. e4 Be6 13. Qc2 Bb4 14. Bd3 Nc6 0-1